Farmaci Gastrointestinali - Statistics

Statistiche generali
  • Questo quiz è stato fatto 7 volte
  • Il punteggio medio è 4 su 20
Statistiche sulle risposte
Risposta % Corretto
ranitidina
67%
antiacidi
50%
bicarbonato di sodio
50%
idrossido di magnesio
50%
sucralfato
50%
cimetidina
33%
idrossido di alluminio
33%
PPI
33%
carbonato di magnesio
17%
citoprotettori mucosa gastrica
17%
analoghi prostaglandine
0%
antagonisti muscarinici
0%
antagonisti recettori della gastrina
0%
antagonisti recettori H2/istamina
0%
chelato di bismuto
0%
misoprololo
0%
nizatidina
0%
pirenzepina
0%
proglumide
0%
trisilicato di magnesio
0%
Nessun quiz corrispondente trovato
Distribuzione punteggi
Percentuale di utenti per punteggio
Percentile per numero di risposta
I tuoi punteggi nel tempo
Non hai fatto questo quiz